La colonización agrícola de Costa Rica. Cap. III- Desarrollo histórico, causas y orientación del proceso colonizador

Αποθηκεύτηκε σε:
Λεπτομέρειες βιβλιογραφικής εγγραφής
Κύριος συγγραφέας: Sandner, Gerhard
Μορφή: Κείμενο
Έκδοση: San José :
Ετικέτες: Προσθήκη ετικέτας
Δεν υπάρχουν, Καταχωρήστε ετικέτα πρώτοι!

MARC

LEADER 00000 a a2200000 04500
001 16738
003
040
090 |a 004000  
100 |a Sandner, Gerhard  
245 |a La colonización agrícola de Costa Rica. Cap. III- Desarrollo histórico, causas y orientación del proceso colonizador  
260 |a San José :  
300 |a pp. 135-168  
999 |c 16976  |d 16976